The trouble with ed schools /

Bibliographic Details
Main Author: Labaree, David F., 1947-
Format: Book
Language:English
Published: New Haven, Conn. : Yale University Press, [2004]
Subjects:

MARC

Tag First Indicator Second Indicator Subfields
LEADER 00000pam a22000004a 4500
001 in00002000933
005 20151031124903.0
008 040116s2004 ctu b 001 0 eng
010 |a  2004001184 
020 |a 0300103506 (cloth : alk. paper) 
035 |a (OCoLC)ocm54103799 
040 |a DLC  |c DLC  |d TXA  |d UtOrBLW 
042 |a pcc 
043 |a n-us--- 
049 |a TXAM 
050 0 0 |a LB1811  |b .L33 2004 
082 0 0 |a 370/.71/1  |2 22 
100 1 |a Labaree, David F.,  |d 1947- 
245 1 4 |a The trouble with ed schools /  |c David F. Labaree. 
264 1 |a New Haven, Conn. :  |b Yale University Press,  |c [2004] 
264 4 |c ©2004 
300 |a x, 245 pages ;  |c 25 cm. 
336 |a text  |b txt  |2 rdacontent 
337 |a unmediated  |b n  |2 rdamedia 
338 |a volume  |b nc  |2 rdacarrier 
504 |a Includes bibliographical references (pages 209-233) and index. 
505 0 |a Introduction : the lowly status of the ed school -- Teacher ed in the past : the roots of its lowly status -- Teacher ed in the present : the peculiar problems of preparing teachers -- The peculiar problems of doing educational research -- The peculiar problems of preparing educational researchers -- Status dilemmas of education professors -- The ed school's romance with progressivism -- The trouble with ed schools : little harm, little help. 
650 0 |a Teachers colleges  |z United States. 
650 0 |a Teachers  |x Training of  |z United States. 
650 0 |a Teacher educators  |z United States. 
948 |a cataloged  |b h  |c 2004/10/25  |d c  |e dmitchel  |f 9:10:20 am 
994 |a E0  |b TXA 
999 |a MARS 
999 f f |s ffa622c4-745e-3635-8627-fc91550d4137  |i 93c08c10-1535-339c-a46a-aa50191be2e9  |t 0 
952 f f |p normal  |a Texas A&M University  |b College Station  |c Sterling C. Evans Library  |d Evans: Library Stacks  |t 0  |e LB1811 .L33 2004  |h Library of Congress classification  |i unmediated -- volume  |m A14831346143 
998 f f |a LB1811 .L33 2004  |t 0  |l Evans: Library Stacks